|
|
|
|
| LEADER |
00963nam a2200241 a 4500 |
| 001 |
801361 |
| 008 |
091105s1976 nyu b 001 0 eng d |
| 010 |
|
|
|a \\\75041465
|
| 020 |
|
|
|a 0671221965
|
| 040 |
|
|
|a DLC
|c DLC
|d DLC
|
| 082 |
0 |
0 |
|a 335.4
|2 18
|
| 100 |
1 |
|
|a Harrington, Michael,
|d 1928-1989.
|
| 245 |
1 |
4 |
|a The twilight of capitalism /
|c by Michael Harrington.
|
| 260 |
|
|
|a New York :
|b Simon and Schuster,
|c c1976.
|
| 300 |
|
|
|a 446 p. ;
|c 22 cm.
|
| 504 |
|
|
|a Includes bibliographical references (p. 421-431) and index.
|
| 541 |
1 |
|
|e 00009644
|
| 600 |
1 |
0 |
|a Marx, Karl,
|d 1818-1883.
|
| 651 |
|
0 |
|a United States
|x Economic policy
|y 1971-1981.
|
| 651 |
|
0 |
|a United States
|x Social policy.
|
| 852 |
4 |
|
|a Ayesha Abed Library
|j General shelf
|
| 999 |
|
|
|c 5174
|d 5174
|
| 952 |
|
|
|0 0
|1 0
|2 ddc
|4 0
|6 335_400000000000000_HAR_1976
|7 0
|9 5027
|a BRACUL
|b BRACUL
|c GEN
|d 2009-11-07
|g 0.00
|l 2
|m 1
|o 335.4 HAR
|p 3010009644
|r 2012-03-21
|s 2012-03-13
|t 1
|w 2009-11-07
|y BK
|x No price found in the accession register.
|